| 000 | 00604cam a2200241 4500 | ||
|---|---|---|---|
| 008 | 090401t1998 xxu||||| |||| 00| 0 eng d | ||
| 020 | _a0419241302 | ||
| 035 | _a(Sirsi) u88292 | ||
| 041 | _aeng | ||
| 050 | _a712.3 | ||
| 245 | _aSpon`s landscape and external works price book 1999. | ||
| 250 | _a18th ed. | ||
| 260 |
_aLondon _bE & F N Spon _c1998 |
||
| 350 | _a65 | ||
| 650 | _aEXTERNAL WORKS | ||
| 650 | _aLANDSCAPING | ||
| 650 | _aBUILDING PRICE BOOKS | ||
| 690 | _aBUILT ENVIRONMENT-BUILDING COSTS | ||
| 700 |
_h _xEditor |
||
| 700 |
_h _xEditor |
||
| 942 | _n0 | ||
| 948 | _c03/09/1998 | ||
| 999 |
_c97324 _d97324 |
||